Capital cities by elevation - Statistics

General Stats
  • This quiz has been taken 10 times
  • The average score is 13 of 17
Answer Stats
Elevation (mt.) Answer % Correct
3640 La Paz
100%
2355 Addis Ababa
89%
2625 Bogotà
89%
2240 Mexico City
89%
2850 Quito
89%
1830 Tehran
89%
2334 Thimphu
89%
1529 Guatemala City
78%
1790 Kabul
78%
1567 Kigali
78%
1673 Maseru
78%
1680 Nairobi
67%
2810 Sucre
67%
2325 Asmara
56%
1504 Gitega
56%
2250 Sana'a
44%
1721 Windhoek
44%
No matching quizzes found
Score Distribution
Percent of People with Each Score
Percentile by Number Answered
Your Score History
You have not taken this quiz